Gaming Quiz

Random Gaming or Star Wars Quiz

Episode I Racer Courses Quiz Stats

Quiz not verified by Sporcle

Also try: Games by T-Shirt
Challenge
Share
Tweet
Embed
Score 0/75 Timer 07:00
0 Plays Today
% Correct
Sebulba
85.3%
Tatooine
79.4%
Aldar Beedo
67.6%
Mon Gazza Speedway
64.7%
Teemto Pagalies
61.8%
Mars Guo
61.8%
Mon Gazza
61.8%
Boonta Training Course
58.8%
Sebulba
58.8%
Ark 'Bumpy' Roose
55.9%
Ando Prime
55.9%
Beedo's Wild Ride
52.9%
Clegg Holdfast
52.9%
Dud Bolt
52.9%
Slide Paramita
52.9%
Fud Sang
50%
Toy Dampner
50%
Mon Gazza
50%
Ando Prime
50%
Boonta Eve Classic
47.1%
Neva Kee
47.1%
Malastare
47.1%
Oovo IV
47.1%
Tatooine
47.1%
Ando Prime Centrum
44.1%
Abyss
44.1%
Executioner
44.1%
Boles Roor
44.1%
Wan Sandage
44.1%
Ratts Tyerell
44.1%
Bozzie Baranta
44.1%
Anakin Skywalker
44.1%
Aquilaris
44.1%
Oovo IV
44.1%
Howler Gorge
41.2%
Bumpy's Breakers
41.2%
Grabvine Gateway
41.2%
Inferno
41.2%
% Correct
'Bullseye' Navior
41.2%
Elan Mak
41.2%
Sebulba
41.2%
Gasgano
41.2%
Ando Prime
41.2%
Baroonda
41.2%
Aquilaris
41.2%
Malastare
41.2%
Aquilaris Classic
38.2%
Vengeance
38.2%
Spice Mine Run
38.2%
Dug Derby
38.2%
Scrapper's Run
38.2%
Baroo Coast
38.2%
Sebulba's Legacy
38.2%
Mawhonic
38.2%
Aquilaris
38.2%
Malastare
38.2%
Mon Gazza
38.2%
Oovo IV
38.2%
Sunken City
35.3%
Zugga Challenge
35.3%
Fire Mountain Rally
35.3%
The Gauntlet
35.3%
Ody Mandrell
35.3%
Ebe Endocott
35.3%
Baroonda
35.3%
Ando Prime
35.3%
Baroonda
35.3%
Baroonda
35.3%
Malastare 100
32.4%
Dethro's Revenge
32.4%
Ben Quadinaros
32.4%
Ord Ibanna
32.4%
Ord Ibanna
32.4%
Andobi Mountain Run
29.4%
Ord Ibanna
29.4%

You're not logged in!

Compare scores with friends on all Sporcle quizzes.
Sign Up with Email
OR
Log In

You Might Also Like...

Show Comments

Extras

Top Quizzes Today


Score Distribution

Your Account Isn't Verified!

In order to create a playlist on Sporcle, you need to verify the email address you used during registration. Go to your Sporcle Settings to finish the process.

Report this User

Report this user for behavior that violates our Community Guidelines.

Details: